Evolving business opportunities in the USA- How to reach potential clients from the US for Qupact International?

Bibliographic Details
Main Author: Benedek Rita
Other Authors: Habil Vasary Dr. Viktória
Format: Thesis
Kulcsszavak:Amerikai Egyesült Államok
Üzleti stratégia
Eladáselemzés
Online Access:http://dolgozattar.uni-bge.hu/7519

MARC

LEADER 00000nta a2200000 i 4500
001 dolg7519
005 20161108144053.0
008 160606suuuu hu om 000 eng d
040 |a BGE Dolgozattár Repozitórium  |b hun 
041 |a en 
100 1 |a Benedek Rita 
245 1 0 |a Evolving business opportunities in the USA- How to reach potential clients from the US for Qupact International?  |c Benedek Rita  |h [elektronikus dokumentum] 
246 1 1 |a Fejlődő üzleti lehetőségek az USA-ban - hogyan érjünk el potenciális amerikai ügyfeleket a Qupact International részére 
246 1 1 |a Evolving business opportunities in the USA- How to reach potential clients from the US for Qupact International? 
695 |a Amerikai Egyesült Államok 
695 |a Üzleti stratégia 
695 |a Eladáselemzés 
700 1 |a Habil Vasary Dr. Viktória  |e ths 
856 4 0 |u http://dolgozattar.uni-bge.hu/7519/1/Rita%20Benedek-%20Graduation%20Thesis%20Opp%201.pdf  |z Dokumentum-elérés